000 01018nam a22002177a 4500
999 _c13100
_d13100
003 AR-CdUCM
008 190411b ||||| |||| 00| 0 spa d
040 _aMUNICIPALIDAD PROVINCIAL DEL CUSCO
_cBIBLIOTECA MUNICIPAL DEL CUSCO
082 _aC / 637.113 /
_bO67 / 1944
100 _aOrfila Reynal , Arnaldo
_931298
245 _aLa leche y el tambo /
260 _aBuenos Aires :
_bEdit. Atlántida.
_c1944.
300 _a288 paginas ;
_c18 cm.
505 _aContenido :ntroducción .-- La industria lechera como problema público .-- La leche como alimento humano .-- ¿ como se produce la leche en el animal ?.-- Características principales de la leche .-- la explotación del tambo .--Las enfermadades del ganado .--La comercialización de la leche .--La contabilidad del tambo .--Análisis de la leche .--La vida del tambero.
650 _aIndustria lechera
_928789
650 _aVacunos
_923880
650 _aLeche
_921658
650 _aAnálisis
_92730
942 _2ddc
_cLIBROS
945 _arjall
_d2019-04-11